000
00357nam a2200133Ia 4500
008
230411s9999 xx 000 0 und d
041
_a
eng
082
_a
PS/610.7365/GUP/B07715
100
_a
Gupta Ram
245
_a
Examination Master in Mental Health Nursing
260
_b
S Vikas and Co
_a
Jalandhar
_c
2012
300
_a
264p
999
_c
157806
_d
157806